000 00799cac a22002171u 4500
090 _c3873
008 081201t 1997xxu||||| |||| 00| 0 eng d
010 _a 96022632
020 _a0070367108
082 0 0 _a657.046
_bLAR
100 _aLarsen, E. John.
245 1 0 _aModern advanced accounting /
_cE. John Larsen.
250 _a7th ed.
260 _aNew York :
_bMcGraw-Hill Companies,
_cc1997.
300 _axxiv, 960 p. ;
_c24 cm.
500 _aIncludes index.
650 0 _aAccounting.
942 _cBB
_k657.046LAR
_2ddc
999 _c3873
_d3873